Metallica Albums - Statistics

General Stats
  • This quiz has been taken 328 times
  • The average score is 10 of 11
Answer Stats
Year Released Album Names % Correct
1986 Master of Puppets
99%
1988 ...And Justice For All
98%
1991 Metallica
98%
1984 Ride The Lightning
98%
1983 Kill em' All
97%
1996 Load
95%
1997 Reload
95%
2003 St. Anger
91%
2008 Death Magnetic
88%
2016 Hardwired... to Self-Destruct
82%
1998 Garage Inc.
79%
No matching quizzes found
Score Distribution
Percent of People with Each Score
Percentile by Number Answered
Your Score History
You have not taken this quiz